Breaking the WTO : how emerging powers disrupted the neoliberal project /

Bibliographic Details
Main Author: Hopewell, Kristen, 1978- (Author)
Format: Book
Language:English
Published: Stanford, California : Stanford University Press, [2016]
Series:Emerging frontiers in the global economy.
Subjects:

MARC

Tag First Indicator Second Indicator Subfields
LEADER 00000cam a2200000 i 4500
001 in00003710177
005 20170926143008.0
008 160304t20162016cau b 001 0 eng c
010 |a  2016011055 
020 |a 9780804798662  |q (cloth :  |q alk. paper) 
020 |a 0804798664  |q (cloth :  |q alk. paper) 
020 |a 9781503600591  |q (pbk. :  |q alk. paper) 
020 |a 1503600599  |q (pbk. :  |q alk. paper) 
020 |z 9781503600027  |q (ebook) 
020 |z 1503600025  |q (ebook) 
035 |a (OCoLC)ocn944179862 
040 |a CSt/DLC  |e rda  |c DLC  |d UtOrBLW 
043 |a s-bl---  |a a-cc---  |a a-ii--- 
049 |a TXAM 
050 0 0 |a HF1385  |b .H67 2016 
082 0 0 |a 382/.92  |2 23 
100 1 |a Hopewell, Kristen,  |d 1978-  |e author.  |0 http://id.loc.gov/authorities/names/no2016030421 
245 1 0 |a Breaking the WTO :  |b how emerging powers disrupted the neoliberal project /  |c Kristen Hopewell. 
246 3 |a Breaking the World Trade Organization 
264 1 |a Stanford, California :  |b Stanford University Press,  |c [2016] 
264 4 |c ©2016 
300 |a xvi, 266 pages ;  |c 24 cm. 
336 |a text  |b txt  |2 rdacontent 
337 |a unmediated  |b n  |2 rdamedia 
338 |a volume  |b nc  |2 rdacarrier 
490 1 |a Emerging frontiers in the global economy 
505 0 |a Liberalism and the contradictions of American leadership -- Power, multilateralism, and neoliberalism at the WTO -- Power shift -- Brazil : new drivers of liberalization -- China : a delicate dance -- India : balancing complex trade interests. 
504 |a Includes bibliographical references and index. 
610 2 0 |a World Trade Organization.  |0 http://id.loc.gov/authorities/names/no94018277 
650 0 |a International economic relations.  |0 http://id.loc.gov/authorities/subjects/sh85067395 
650 0 |a Neoliberalism.  |0 http://id.loc.gov/authorities/subjects/sh2005001629 
651 0 |a Brazil  |x Foreign economic relations.  |0 http://id.loc.gov/authorities/subjects/sh2008114463 
651 0 |a China  |x Foreign economic relations.  |0 http://id.loc.gov/authorities/subjects/sh2008100092 
651 0 |a India  |x Foreign economic relations.  |0 http://id.loc.gov/authorities/subjects/sh2008123708 
830 0 |a Emerging frontiers in the global economy.  |0 http://id.loc.gov/authorities/names/no2015049786 
945 |b 749769 
947 |a A14843438269 
948 |a cataloged  |b h  |c 2016/9/2  |d c  |e dmitchel  |f 8:30:20 am 
994 |a C0  |b TXA 
999 f f |s d2a3ca58-ac64-336f-8167-780a02ae3a06  |i 4a6785da-0856-386a-9ba5-157aba69b585  |t 0 
952 f f |p normal  |a Texas A&M University  |b College Station  |c Sterling C. Evans Library  |d Evans: Library Stacks  |t 0  |e HF1385 .H67 2016  |h Library of Congress classification  |i unmediated -- volume  |m A14843438269 
998 f f |a HF1385 .H67 2016  |t 0  |l Evans: Library Stacks